00000000nam##2200000za#4500
0019.616173
003CaOODSP
00520211126112847
007ta
008150406|2002||||xxc|||||     f|0| 0 eng|d
022 |a1192-5434
040 |aCaOODSP|beng
043 |an-cn---
0861 |aFB3-2/102-30E
1102 |aBank of Canada.
24510|aInflation expectations and learning about monetary policy / |cby David Andolfatto, Scott Hendry, and Kevin Moran.
260 |aOttawa - Ontario : |bBank of Canada |c2002.
300 |avi, 35p. : |bgraphs, references, tables ; |c28 cm.
4901 |aWorking paper|x1192-5434|v2002-30
546 |aRésumés en français.
563 |aSoftcover
590 |a02-45|b2002-11-08
69007|aEconomic indicators|2gcpds
69007|aInflation|2gcpds
69007|aProductivity|2gcpds
7201 |aAudet, Nicolas
7201 |aGravelle, Toni
7201 |aYang, Jing
7760#|tInflation expectations and learning about monetary policy / |w(CaOODSP)9.578729
830#0|aWorking paper,|x1192-5434|v2002-30|w(CaOODSP)9.514622